The Comandante apeaks
| Other Authors: | |
|---|---|
| Format: | Book |
| Published: |
Boulder :
Westview Press ,
1991
|
| Subjects: |
MARC
| LEADER | 00000cam a2200000 7i4500 | ||
|---|---|---|---|
| 001 | 0000004897 | ||
| 002 | 000005281 | ||
| 005 | 20000330.0 | ||
| 020 | |a 0813310660 | ||
| 090 | 0 | 0 | |a 972.8405092 |b COM |
| 245 | 0 | 4 | |a The Comandante apeaks |c edited by Courtney E.Prisk |
| 260 | |a Boulder : |b Westview Press , |c 1991 | ||
| 300 | |a 145p. ; |c 21cm. | ||
| 651 | 0 | |a El Salvador |x Politics and goverment |y 1944-1979 | |
| 700 | 1 | |a Prisk, Courtney | |
| 999 | |a 037640 |b BUKU |c PINJAMAN |e PERPUSTAKAAN KOMUNITI PETALING JAYA | ||